<?xml version="1.0" encoding="UTF-8"?>
<record
    xmlns:xsi="http://www.w3.org/2001/XMLSchema-instance"
    xsi:schemaLocation="http://www.loc.gov/MARC21/slim http://www.loc.gov/standards/marcxml/schema/MARC21slim.xsd"
    xmlns="http://www.loc.gov/MARC21/slim">

  <leader>00785nam a2200157Ia 4500</leader>
  <controlfield tag="008">090124s9999    xx            000 0 und d</controlfield>
  <datafield tag="082" ind1=" " ind2=" ">
    <subfield code="b">22742</subfield>
  </datafield>
  <datafield tag="245" ind1=" " ind2=" ">
    <subfield code="a"> &#x915;&#x943;&#x924;&#x93E;&#x930;&#x94D;&#x925; &#x936;&#x94D;&#x930;&#x940;. &#x92E;&#x939;&#x93E;&#x92E;&#x942;&#x926;&#x92E;&#x93F;&#x92F;&#x949; &#x926;&#x93E;&#x930;&#x942;&#x935;&#x93E;&#x932;&#x947; &#x917;&#x94C;&#x930;&#x935; &#x917;&#x94D;&#x930;&#x902;&#x925;</subfield>
  </datafield>
  <datafield tag="250" ind1=" " ind2=" ">
    <subfield code="a">0</subfield>
  </datafield>
  <datafield tag="260" ind1=" " ind2=" ">
    <subfield code="b">"&#x936;&#x94D;&#x930;&#x940;. &#x92E;&#x939;&#x93E;&#x92E;&#x942;&#x926;&#x92E;&#x93F;&#x92F;&#x949; &#x926;&#x93E;&#x930;&#x942;&#x935;&#x93E;&#x932;&#x947;, &#x935;&#x93E;&#x908;"</subfield>
    <subfield code="c">1984</subfield>
  </datafield>
  <datafield tag="300" ind1=" " ind2=" ">
    <subfield code="a">138</subfield>
  </datafield>
  <datafield tag="630" ind1=" " ind2=" ">
    <subfield code="a"> &#x915;&#x943;&#x924;&#x93E;&#x930;&#x94D;&#x925; &#x936;&#x94D;&#x930;&#x940;. &#x92E;&#x939;&#x93E;&#x92E;&#x942;&#x926;&#x92E;&#x93F;&#x92F;&#x949; &#x926;&#x93E;&#x930;&#x942;&#x935;&#x93E;&#x932;&#x947; &#x917;&#x94C;&#x930;&#x935; &#x917;&#x94D;&#x930;&#x902;&#x925;</subfield>
  </datafield>
  <datafield tag="700" ind1=" " ind2=" ">
    <subfield code="a">&#x92C;&#x94B;&#x930;&#x93E;&#x91F;&#x947; &#x935;&#x938;&#x902;&#x924;&#x930;&#x93E;&#x935; &#x906;&#x923;&#x93F; &#x907;&#x924;&#x930;</subfield>
  </datafield>
  <datafield tag="730" ind1=" " ind2=" ">
    <subfield code="a"> &#x915;&#x943;&#x924;&#x93E;&#x930;&#x94D;&#x925; &#x936;&#x94D;&#x930;&#x940;. &#x92E;&#x939;&#x93E;&#x92E;&#x942;&#x926;&#x92E;&#x93F;&#x92F;&#x949; &#x926;&#x93E;&#x930;&#x942;&#x935;&#x93E;&#x932;&#x947; &#x917;&#x94C;&#x930;&#x935; &#x917;&#x94D;&#x930;&#x902;&#x925;</subfield>
  </datafield>
  <datafield tag="942" ind1=" " ind2=" ">
    <subfield code="c">BOOK</subfield>
  </datafield>
  <datafield tag="999" ind1=" " ind2=" ">
    <subfield code="c">91952</subfield>
    <subfield code="d">91952</subfield>
  </datafield>
  <datafield tag="952" ind1=" " ind2=" ">
    <subfield code="0">0</subfield>
    <subfield code="1">0</subfield>
    <subfield code="4">0</subfield>
    <subfield code="7">0</subfield>
    <subfield code="a">THNNWM</subfield>
    <subfield code="b">THNNWM</subfield>
    <subfield code="d">0000-00-00</subfield>
    <subfield code="g">0.00</subfield>
    <subfield code="l">0</subfield>
    <subfield code="o">22742</subfield>
    <subfield code="p">THNNWM-22742</subfield>
    <subfield code="r">2009-01-24 00:00:00</subfield>
    <subfield code="v">0.00</subfield>
    <subfield code="w">2009-01-24</subfield>
    <subfield code="y">BOOK</subfield>
  </datafield>
</record>
